Central Library OPAC University of Rajshahi

Function and organization of a national documentation centre in a developing country / (Record no. 17553)

MARC details
000 -LEADER
fixed length control field 01052cam a2200289 i 4500
001 - CONTROL NUMBER
control field 17553
003 - CONTROL NUMBER IDENTIFIER
rucl marc code BD-RjUL
005 - DATE AND TIME OF LATEST TRANSACTION
control field 20211209000147.0
008 - FIXED-LENGTH DATA ELEMENTS--GENERAL INFORMATION
fixed length control field 160829s1975 fr b 000 0 eng
020 ## - INTERNATIONAL STANDARD BOOK NUMBER
International Standard Book Number 9231012401
035 ## - SYSTEM CONTROL NUMBER
System control number (BD-RjUL)
040 ## - CATALOGING SOURCE
Original cataloging agency DLC
Transcribing agency DLC
Modifying agency DLC
Language of cataloging eng
041 ## - LANGUAGE CODE
Language code of text/sound track or separate title eng
082 00 - DEWEY DECIMAL CLASSIFICATION NUMBER
Classification number 025.0091724
Edition number 23
Author mark and year FIF 1975
110 ## - MAIN ENTRY--CORPORATE NAME
Corporate name or jurisdiction name as entry element FID/DC working Group
9 (RLIN) 152989
245 00 - TITLE STATEMENT
Title Function and organization of a national documentation centre in a developing country /
Statement of responsibility, etc. by a FID/DC working group under the direction of Harald Schütz.
260 ## - PUBLICATION, DISTRIBUTION, ETC. (IMPRINT)
Place of publication, distribution, etc. Paris :
Name of publisher, distributor, etc. Unesco Press,
Date of publication, distribution, etc. 1975.
300 ## - PHYSICAL DESCRIPTION
Pagination 218 p. ;
Size 22 cm.
504 ## - BIBLIOGRAPHY, ETC. NOTE
Bibliography, etc Bibliography: p. 217-218.
650 #0 - SUBJECT ADDED ENTRY--TOPICAL TERM
Topical term or geographic name as entry element Information services
Geographic subdivision Developing countries.
9 (RLIN) 127043
Topical term or geographic name as entry element Information policy.
9 (RLIN) 152991
700 1# - ADDED ENTRY--PERSONAL NAME
Personal name Schütz, Harald,
830 ## - SERIES ADDED ENTRY--UNIFORM TITLE
Uniform title Documentation, libraries, and archives. Studies and research ;
Volume number/sequential designation 7
942 ## - ADDED ENTRY ELEMENTS (KOHA)
Source of classification or shelving scheme Dewey Decimal Classification
Koha item type Books
Holdings
Lost status Source of classification or shelving scheme Damaged status Not for loan Collection code Permanent Location Current Location Shelving location Date acquired Source of acquisition Total Checkouts Full call number Date last seen Copy number Koha item type
  Dewey Decimal Classification   Not For Loan Non-fiction Central Library, University of Rajshahi Central Library, University of Rajshahi Reading Room 05/06/1982 Unesco   025.0091724 FIF 1975 29/08/2016 C-1 Books